000 00972nam a22003137a 4500
003 CHAP
005 20220329135111.0
008 971013s1979 r 00010 d
010 _a30912
011 _a31884
035 _a35996
040 _cCHAP
082 _a632
_bC62
100 0 0 _aCotton, Richard Thomas.
_928593
245 _aSilos y graneros
_b: placas y desinsectación
260 _aBarcelona :
_bOikos-tau,
_c1979
300 _a328 p.
_b: ilus.
490 _aNueva enciclopedia de agricultura
_v; 9
590 _aBATCH-UPD
_b10
_c20130110
_lUCH01
_h0140
590 _aBATCH-UPD
_b10
_c20130110
_lUCH01
_h1123
590 _aCONVERSION
_b10
_c20130109
_lUCH01
_h1318
650 1 4 _aCereales
_xAlmacenamiento
_xPlagas.
_921378
650 1 4 _aCereales
_xEnfermedades.
_921412
650 1 4 _aSilos.
_9105965
830 0 _aNueva enciclopedia de agricultura
_v; 9
_982136
901 _aBK
942 _cLIBRO
949 _a632 C62
_bBC
_cLIBRO
_d-83062
_eLIBRO
_h15006
_i35996
_si
999 _c30912
_d30912